00589nam a22001937a 450000500170000001000130001702000220003003500130005203700160006504000120008108200180009310000200011124501460013126000320027727000190030930000250032865000220035365000200037520170124110021.0 aA-682047 a1857880196c00.00 aA-682047 bCen Lib/Ret aDPLbEN a658.4093bSMI aSmith, HyruM W. a10 Natural laws of successful time and life management :cby HyruM W.Smithbproven strategies for increased productivity and inner peace / aLondonbNB Publishingc1994 aLondonbLondon axiii,219p.c21cm(Hb) aStress management aTime management